000 00734nam a2200265 a 4500
001 58352
003 BD-RjUL
005 20211209080618.0
008 161218s1979 enk b 001 0 eng d
020 _a0631125213
020 _a063112621X (pbk)
035 _a(BD-RjUL)58476
040 _aOSU
_cOSU
_dBD-RjUL
_beng
041 _aeng
082 _223
_a330.015195
_bWAT 1979
100 1 _aWallis, Kenneth Frank.
_9173318
245 1 0 _aTopics in applied econometrics /
_cKenneth F. Wallis.
250 _a2nd ed.
260 _aOxford :
_bBasil Blackwell,
_c1979.
300 _a166 p. :
_bill ;
_c23 cm.
500 _aIncludes index.
504 _aBibliography: p. [162]-166.
650 0 _aEconometrics.
_9172571
942 _2ddc
_cBK
999 _c58352
_d58352